Normal view
MARC view
Entry Personal Name
001 - CONTROL NUMBER
- control field: 42199
003 - CONTROL NUMBER IDENTIFIER
- control field: ARRUPE
005 - DATE AND TIME OF LATEST TRANSACTION
- control field: 20180914113820.0
008 - FIXED-LENGTH DATA ELEMENTS
- fixed length control field: 180914|| aca||aabn | a|a d
040 ## - CATALOGING SOURCE
- Original cataloging agency: ARRUPE
- Transcribing agency: ARRUPE
100 ## - HEADING--PERSONAL NAME
- Personal name: Zeitlin, Irving M.
670 ## - SOURCE DATA FOUND
- Source citation: Work cat.: (ARRUPE)0: Zeitlin, Irving M., Nietzsche :, 1994.